000 00343nam a2200145 i 4500
001 bg
100 1 _aHinz, Piotr.
245 0 _aObietnice wszechoceanu /
_cP. Hinz, A. Tyszecki.
260 _aWarszawa,
_c1984.
700 1 _aTYSZECKI, Andrzej.
040 _cBPK
041 _apol
942 _cKS
008 s pl f |000 0 pol
999 _c22407
_d22407
856 _uhttp://koha.tu.koszalin.pl/cgi-bin/koha/opac-detail.pl?biblionumber=22407
_yKatalog online BPK